| 000 | 00902nam a22002532 4500 | ||
|---|---|---|---|
| 001 | 0000025112 | ||
| 005 | 20151217154514.0 | ||
| 008 | 141127s xx 000 0 eng d | ||
| 020 | _a0195729405 : | ||
| 040 |
_aKABU _cKABU |
||
| 100 | 1 |
_aWaititu, Francis. _@0000185501 |
|
| 245 | 1 | 0 |
_aKiswahili fasaha : _bkidato ch 1, 2, 3, 4. / _cfrancis Waititu. |
| 260 |
_aKenya : _bOUP, _c2003-5. |
||
| 300 | _a4 vols. (various pagings). | ||
| 650 | 0 |
_aSwahili language _xGrammar. _@0000178365 |
|
| 700 | 1 |
_aIpara isaac. _@0000185502 |
|
| 700 | 1 |
_aOkaalo, Bilha. _@0000185503 |
|
| 852 | 1 | _9p522 KES | |
| 852 | 1 | _9p638 KES | |
| 852 | 1 | _9p603 KES | |
| 852 | 1 | _9p644 KES | |
| 908 | _a141127 | ||
| 950 | _@1 | ||
| 999 |
_c11617 _d11617 |
||